Semiología de la obra literaria: glosemática y teoría de la literatura

Сохранить в:
Библиографические подробности
Главный автор: Trabant, Jürgen (Автор)
Формат:
Язык:испанский
Опубликовано: Madrid Gredos 1975
Серии:Biblioteca Románica Hispánica. II, Estudios y Ensayos, 235
Предметы:
Метки: Добавить метку
Нет меток, Требуется 1-ая метка записи!

MARC

LEADER 00000nam a2200000 a 4500
001 UCQ6019
003 CL-VaPUC
008 981009e19750000SP |||||||||||||||||spa|d
082 0 4 |a 401.41  |b TRA  |2 21 
100 0 |a Trabant, Jürgen  |e author  |9 419962 
245 1 0 |a Semiología de la obra literaria: glosemática y teoría de la literatura 
300 |a 370 p 
942 |c BK 
945 |d 19981009 00:00:00  |a cmena 
260 |a Madrid  |b Gredos  |c 1975 
650 0 |a Semiótica  |9 265317 
650 0 |a Análisis del discurso  |9 256696 
650 0 |a Investigación lingüística  |9 329785 
650 7 |a TEORIA LINGUISTICA  |2 CL-VaPUC  |9 334835 
650 0 |a Teoría literaria  |9 342621 
583 |a last modification  |c 20121104 09:13:48  |k Rodrigo Vera 
490 0 |a Biblioteca Románica Hispánica. II, Estudios y Ensayos, 235 
999 |c 276023  |d 276021 
952 |0 0  |1 0  |4 0  |6 401_410000000000000_TRA_1975  |7 0  |8 A  |9 313124  |a FDOPOS  |b FDOPOS  |d 2019-11-20  |i 1464930  |o 401.41 TRA 1975  |p 1464930  |r 2025-01-22  |w 2019-11-20  |y BK  |k MLA